000 00372pab a2200157 454500
008 180718b2000 xxu||||| |||| 00| 0 eng d
100 _aSengupta, Jayashree
245 _aThe right to be human
260 _c2000
300 _ap.13
362 _a30 Jun
650 _aCivil and political rights
650 _aHuman rights
773 _aHindustan Times
909 _a45986
999 _c45986
_d45986